=LDR 00000nam 2200000 4500 =001 INLIS000000000029966 =005 20130612132144 =008 ***********************************Ind** =035 ##$$0010-061300000029966 =041 ##$$a Ind =082 ##$$a 859.8 =090 ##$$a 859.8, Sun a =100 ##$$a Sunardjo, Nikmah =245 ##$$a Anak penyamun yang menjadi raja, Nikmah Sunarjo =260 ##$$a Pusat Bahasa Depdiknas6c2006 $b Jakarta =300 ##$$a xi, 53 hlm, ilus, 21cm =650 ##$$a Indonesia-Sastra =850 ##$$a NBPNMAT